| 000 | 00620nam a2200205 i 4500 | ||
|---|---|---|---|
| 001 | 92669 | ||
| 003 | ES-MaACL | ||
| 005 | 20230906181029.0 | ||
| 007 | t| | ||
| 008 | 050414s1999 sp ||||1| gao d | ||
| 020 | _a84-8288-319-4 | ||
| 080 | _a908.460.11 | ||
| 100 | 1 |
_aAlmazán, Vicente. _920106 |
|
| 245 | 1 | 0 |
_aGalicia _b: breviario para o galego ausente / _cVicente Almazán ; traducción Leandro García Bugarín. |
| 260 |
_a[Vigo] : _bGalaxia, _c[1999] |
||
| 300 |
_a313 p. ; _c17 cm. |
||
| 651 | 4 |
_aGalicia- _xDescripción. _98726 |
|
| 700 | 1 |
_aGarcía Bugarín, Leandro. _954295 |
|
| 852 |
_aES-MaACL _jE-10966 |
||
| 999 |
_c92669 _d92669 |
||